000 00318nam a22001337a 4500
008 180226b xxu||||| |||| 00| 0 eng d
020 _a9780138760793
041 _aeng
080 _a51
100 _a39
101 _aMAT
245 _aTEACHIING MATHEMATICS FOR THE 21 ST CENTURY
_cLINDA.H
942 _2udc
_cBK
999 _c43522
_d43522